Le Projet de Code pénal espagnol / (Registro nro. 137669)

Detalles MARC
000 -LEADER
campo de control de longitud fija 00731nam a2200205 i 4500
001 - NÚMERO DE CONTROL
campo de control 137669
003 - IDENTIFICADOR DE NÚMERO DE CONTROL
campo de control ES-MaACL
005 - FECHA Y HORA DE LA ÚLTIMA TRANSACCIÓN
campo de control 20250809035223.0
007 - CAMPO FIJO DE DESCRIPCIÓN FÍSICA--INFORMACIÓN GENERAL
campo de control de longitud fija t|
008 - DATOS DE LONGITUD FIJA--INFORMACIÓN GENERAL
campo de control de longitud fija 070214s1922 fr |||| | fre d
100 1# - ENTRADA PRINCIPAL--NOMBRE DE PERSONA
Nombre de persona Saldaña, Quintiliano,
Fechas asociadas al nombre 1878-1938
9 (RLIN) 101861
245 13 - MENCIÓN DEL TÍTULO
Título Le Projet de Code pénal espagnol /
Mención de responsabilidad, etc. M. Quintiliano Saldaña.
260 ## - PUBLICACIÓN, DISTRIBUCIÓN, ETC.
Lugar de publicación, distribución, etc. Paris :
Nombre del editor, distribuidor, etc. Société Générale des Prisons,
Fecha de publicación, distribución, etc. 1922 (
Lugar de fabricación/manufactura Melun :
Fabricante Imp. Administrative)
300 ## - DESCRIPCIÓN FÍSICA
Extensión 16 p. ;
Dimensiones 25 cm.
500 ## - NOTA GENERAL
Nota general Separata de : Révue pénitentiaire et de Droit Penal, n. 1-3, 1922.
650 04 - PUNTO DE ACCESO ADICIONAL DE MATERIA--TÉRMINO DE MATERIA
Término de materia o nombre geográfico como elemento de entrada Derecho penal-
Subdivisión geográfica España
9 (RLIN) 11752
710 2# - ENTRADA AGREGADA--NOMBRE DE ENTIDAD CORPORATIVA
Nombre de entidad corporativa o nombre de jurisdicción como elemento de entrada Société Générale des Prisons.
9 (RLIN) 167516
852 ## - LOCALIZACIÓN
Ubicación ES-MaACL
Número de control de estantería 1641-F-2
Existencias
Estatus retirado Estado de pérdida Estado de daño No para préstamo Colección Biblioteca de origen Biblioteca actual Ubicación en estantería Fecha de adquisición Fuente de adquisición Total de préstamos Signatura topográfica completa Código de barras Visto por última vez Precio de reemplazo Tipo de ítem Koha
        Colección de folletos Biblioteca del Ateneo de Madrid Biblioteca del Ateneo de Madrid Depósito folletos 17/01/2008     1641-F-2 1143264 23/02/2023 23/02/2023 Folleto